000 00275nam a2200121 i 4500
001 bg
245 0 _aUmrechnung english-amerikanischer Maßeinheiten.
260 _aLipsk,
_c1965.
040 _cBPK
041 _apol
942 _cKS
008 s pl f |000 0 pol
999 _c8590
_d8590
856 _uhttp://koha.tu.koszalin.pl/cgi-bin/koha/opac-detail.pl?biblionumber=8590
_yKatalog online BPK